00510nam a22001457a 4500041000800000082001500008100001900023245006400042260006000106300000800166650005400174942000700228952011200235999001700347 aENG a297.6bALI aBerenjkar Reza aIntroduction to Muslim Spirituality Theology and Philosophy aNew DelhibHumanities Advanced Studied Institutesc2023 a241 aIslamic theologyaIslamic spiritual life / Sufism cBK 00104070aHMIbHMIcGENd2025-12-16eDirectorg200.00l0o297.6 ALIp11004931r2025-12-16w2025-12-16yBK c23670d23670